000 00952nam a2200205Ii 4500
003 JO-AjNU
008 230605s9999||||xx |||||||||||||| ||und||
040 _aJO-AjNU
_bara
_erda
_cJO-AjNU
041 _aara
050 1 4 _aKMM293.7.T33.2004
100 3 _aالطهراوي، هاني علي,
_eauthor
_925774
245 0 0 _aقانون الإدارة المحلية : الحكم المحلي في الأردن وبريطانيا مع دراسة لأحدث التعديلات المتعلقة بهيكلة السلطات المحلية في النظامين
250 _aط1
264 3 1 _aعمان : دار الثقافة ، 2004
300 _a357ص
336 _atext
_btxt
_2rdacontent
337 _aunmediated
_bn
_2rdamedia
338 _avolume
_bnc
_2rdacarrier
650 4 _aالإدارة المحلية -- قوانين وتشريعات -- الأردن -- الإدارة المحلية -- قوانين وتشريعات -- بريطانيا
_925775
999 _aA9684
_c13252
_d13252